000 00447nam a22001817a 4500
003 CEME
005 20210628205728.0
008 210316b xxu||||| |||| 00| 0 eng d
020 _a0-697-04483-1
040 _c.
082 _a005.133-F PRE
100 _aPressman, Michael.H
_976862
245 _aFortran for today and tomorrow
260 _aENGLAND
_bWIN C. BROWN
_c1993
300 _a485P
650 _aFORTRAN 90
_976863
942 _cBK
_2ddc
999 _c582173
_d582173